| 000 | 01410nam a22003257i 4500 | ||
|---|---|---|---|
| 999 |
_c169845 _d169845 |
||
| 003 | PPAK | ||
| 005 | 20181014153839.0 | ||
| 007 | ta | ||
| 008 | 181014t2018 my a|||c |||| 00| 1beng d | ||
| 020 |
_a9781496548191 _cRM113.60 _qhardback |
||
| 040 |
_aPPAK _beng _cPPAK _erda |
||
| 082 | 0 | 4 |
_223 _a823 |
| 090 | 0 | 0 |
_a823 _bCOL _dK |
| 100 | 1 |
_aCollins A.L. _d1964- _eauthor. |
|
| 245 | 1 | 0 |
_aHOMESTEAD : _bA NEW LIFE ON MARS / _cBY A.L. COLLINS ; ILLUSTRATED BY TOMISLAV TIKULIN |
| 264 | 1 |
_aNorth Mankato, Minnesota : _bStone Arch Books, a Capstone imprint, _c [2018?] |
|
| 264 | 4 | _c© 2018 | |
| 300 |
_a121 pages : _bcolour illustrations ; _c20 cm |
||
| 336 |
_2rdacontent _atext |
||
| 337 |
_2rdamedia _aunmediated |
||
| 338 |
_2rdacarrier _avolume |
||
| 490 | 1 | _aSCI-FINITY REDWORLD | |
| 520 | _aTwelve-year-old Belle Song and her family moved to Mars because they were offered good jobs, only to find that the jobs have disappeared--her father, Yun, is unwilling to return to the worn-out Earth, so, to the horror of his city-raised daughter, he buys a farm in the "Wild West" area of Mars, and Belle does her best to adapt to a life which is filled with difficulties and danger. | ||
| 521 | _a Elementary and junior high school | ||
| 650 | 1 | 0 | _aChildren's stories, English |
| 650 | 2 | 0 | _aEnglish fiction |
| 700 |
_aTikulin, Tomislav, _eillustrator. |
||
| 830 | 0 | _aSci-finity Redworld | |
| 942 |
_2ddc _cB |
||